[Event "AUTO-INT-2269"]
[Site "http://www.queenalice.com/game.php?id=1060537"]
[Date "2012.5.17"]
[Round "2"]
[White "claudiocaire"]
[Black "talisman77"]
[Result "0-1"]
[WhiteElo "1621"]
[BlackElo "1793"]

1. e4 e5 2. Qh5 Nc6 3. c3 Nf6 4. Qf3 Bc5 5. Bc4 O-O 6. Nh3 d6 7. Ng5 Bg4 8. Qd3
Qd7 9. h3 Be6 10. Bxe6 fxe6 11. a4 a5 12. b3 Nh5 13. g3 Bxf2+ 14. Kd1 Bxg3 15.
Rf1 Bh4 16. Rxf8+ Rxf8 17. Nf3 Qe7 18. Ba3 Nf4 19. Qb5 Nd8 20. Nxe5 c6 21. Qxa5
Nf7 22. c4 Nxe5 23. d4 Ned3 24. Bc1 Nxc1 25. Kxc1 Bf6 26. Qc3 Ne2+ 27. Kc2 Nxc3
28. Kxc3 c5 29. e5 cxd4+ 30. Kxd4 Bxe5+ 0-1

[Event "AUTO-INT-2269"]
[Site "http://www.queenalice.com/game.php?id=1060538"]
[Date "2012.5.17"]
[Round "2"]
[White "Flamengo_Brasil"]
[Black "claudiocaire"]
[Result "1-0"]
[WhiteElo "2149"]
[BlackElo "1625"]

1. d4 d5 2. c4 c6 3. Nc3 dxc4 4. a4 e6 5. e3 Nf6 6. Bxc4 Bb4 7. Ne2 Bxc3+ 8.
bxc3 Ne4 9. Qc2 Nd6 10. Bd3 b5 11. Bxh7 g6 12. Bxg6 Qg5 13. Be4 Nxe4 14. Qxe4
Rh4 15. Nf4 f5 16. Qe5 bxa4 17. Nxe6 Bxe6 18. Qxe6+ Kf8 19. Qc8+ Kf7 20. g3 Re4
21. Qb7+ Kg6 22. Qxa8 Nd7 23. Qxc6+ Nf6 24. Rxa4 Qg4 25. Ra6 Qg5 26. h4 Qh5 27.
Qxf6+ Kh7 28. Rxa7+ Kg8 29. Qg7# 1-0

[Event "AUTO-INT-2269"]
[Site "http://www.queenalice.com/game.php?id=1060539"]
[Date "2012.5.17"]
[Round "2"]
[White "claudiocaire"]
[Black "Flamengo_Brasil"]
[Result "0-1"]
[WhiteElo "1623"]
[BlackElo "2134"]

1. e4 e5 2. Qh5 Nc6 3. Bc4 Qe7 4. Nf3 Nf6 5. Qg5 Nxe4 6. Qf5 d5 7. Qh5 dxc4 8.
Nc3 g6 9. Qh4 Qxh4 10. Nxh4 Nb4 11. O-O Nxc2 12. Rb1 Nc5 13. Nd5 Bd6 14. b4 cxb3
15. axb3 Be6 16. Nf6+ Ke7 17. b4 Nd3 18. Ne4 Ba2 19. Rb2 Ncxb4 20. Rxb4 Bxb4 21.
Ng5 c5 22. g3 Rad8 23. Ne4 b6 24. Nf3 Bd5 25. Nfg5 f6 26. Nxf6 Kxf6 27. h4 h6
0-1

[Event "AUTO-INT-2355"]
[Site "http://www.queenalice.com/game.php?id=1073581"]
[Date "2012.6.18"]
[Round "1"]
[White "DeomoNNio"]
[Black "claudiocaire"]
[Result "1-0"]
[WhiteElo "1867"]
[BlackElo "1590"]

1. e4 e5 2. Nf3 Qf6 3. Nc3 c6 4. d3 Bb4 5. Bd2 h6 6. Be2 Na6 7. O-O Qg6 8. Nxe5
Qd6 9. f4 g5 10. Nc4 Qc7 11. a3 Bxc3 12. Bxc3 gxf4 13. Bxh8 f6 14. Bh5+ Kf8 15.
Qg4 d5 16. Qg6 Be6 17. Nd2 Ke7 18. exd5 Bxd5 19. Qg7+ Kd6 20. Qxc7+ Nxc7 21.
Rxf4 Ke5 22. g3 Ne6 23. Re1+ Kd6 24. Rff1 a5 25. Bxf6 Nd4 26. Bxd4 Be6 27. Ne4+
Kd5 28. c3 b5 29. Bf3 Bg4 30. Nf6+ Kd6 31. Nxg4 Kc7 32. Bg2 Kd7 33. Bc5 h5 34.
Rf7+ Kc8 35. Re8# 1-0

[Event "AUTO-INT-2355"]
[Site "http://www.queenalice.com/game.php?id=1073582"]
[Date "2012.6.18"]
[Round "1"]
[White "claudiocaire"]
[Black "DeomoNNio"]
[Result "1-0"]
[WhiteElo "1559"]
[BlackElo "1758"]

1. e4 e5 2. Qh5 d6 3. Bc4 Qe7 4. d3 Nf6 5. Qf3 Nc6 6. c3 h6 7. g4 Bxg4 8. Qg2 a6
9. h4 Be6 10. Bxe6 Qxe6 11. Nf3 Qg4 12. Qxg4 Nxg4 13. Rg1 Nf6 14. Na3 Nh5 15. d4
exd4 16. Nxd4 Nxd4 17. cxd4 Be7 18. Nc4 Bf6 19. d5 O-O-O 20. a4 Rde8 21. a5
Rxe4+ 22. Ne3 Rhe8 23. Rg2 Nf4 24. Rg1 Nd3+ 25. Kd2 Nxb2 26. Bxb2 Bxb2 27. Rae1
Ba3 28. Rxg7 Bb4+ 29. Ke2 Bxe1 30. Kxe1 f5 31. Kf1 Rxh4 32. Nxf5 Rh5 33. Rf7
Rxf5 34. Rxf5 c6 35. dxc6 bxc6 36. Rf6 Kd7 37. Rxh6 c5 38. Rh7+ Kc6 39. Ra7 Kb5
40. Rd7 Re6 41. Kg2 Kxa5 42. f3 Kb4 43. Kg3 c4 44. f4 c3 45. f5 Rf6 46. Kg4 c2
47. Kg5 Rxf5+ 48. Kxf5 c1=Q 49. Rxd6 Qf1+ 50. Ke6 Qh3+ 51. Ke7 Qh7+ 52. Ke6 Qg6+
53. Kd5 Qf5+ 54. Kc6 Qc5+ 55. Kd7 a5 56. Ke6 a4 57. Rd5 Qxd5+ 58. Kxd5 a3 59.
Kd4 a2 60. Kd5 a1=Q 61. Kc6 Qd4 62. Kc7 1-0

[Event "AUTO-INT-2355"]
[Site "http://www.queenalice.com/game.php?id=1073595"]
[Date "2012.6.18"]
[Round "1"]
[White "mikena_zaitsev"]
[Black "claudiocaire"]
[Result "1-0"]
[WhiteElo "1567"]
[BlackElo "1583"]

1. Nf3 e6 2. c4 Qf6 3. Nc3 c6 4. d4 d5 5. Bg5 Qg6 6. e3 dxc4 7. Bxc4 Bd6 8. O-O
h5 9. Bd3 f5 10. e4 Qf7 11. exf5 exf5 12. Re1+ Kf8 13. Qe2 Be6 14. Qxe6 Qxe6 15.
Rxe6 Bb4 16. Rae1 Kf7 17. Bxf5 Nd7 18. Bg6+ Kf8 19. Re8+ Rxe8 20. Rxe8# 1-0

[Event "AUTO-INT-2355"]
[Site "http://www.queenalice.com/game.php?id=1073596"]
[Date "2012.6.18"]
[Round "1"]
[White "claudiocaire"]
[Black "mikena_zaitsev"]
[Result "0-1"]
[WhiteElo "1583"]
[BlackElo "1619"]

1. e4 c5 2. Qh5 Nf6 3. Qxc5 Nxe4 4. Qe3 d5 5. c4 Nc6 6. cxd5 Qxd5 7. Nc3 Nxc3 8.
bxc3 Bf5 9. Nf3 e5 10. h3 O-O-O 11. Ng5 f6 12. Nf3 Bc5 13. Nd4 exd4 14. cxd4
Nxd4 15. Kd1 Nc2 16. Qc3 Rhe8 17. Bc4 Qxg2 18. Rb1 Qxh1+ 19. Bf1 Qxf1# 0-1

[Event "AUTO-INT-2355"]
[Site "http://www.queenalice.com/game.php?id=1073603"]
[Date "2012.6.18"]
[Round "1"]
[White "Tenista"]
[Black "claudiocaire"]
[Result "1-0"]
[WhiteElo "1676"]
[BlackElo "1571"]

1. e4 e5 2. Nf3 Qf6 3. b3 Bc5 4. Bb2 d6 5. Nc3 c6 6. Na4 Bg4 7. Nxc5 dxc5 8. Be2
Nh6 9. Nxe5 Qf4 10. Nxg4 Nxg4 11. Bxg4 Qxe4+ 12. Qe2 Qxe2+ 13. Bxe2 Na6 14.
O-O-O Nb4 15. a3 Nd5 16. g3 b5 17. Bxg7 Rg8 18. Be5 b4 19. a4 Kd8 20. Bd6 Rg5
21. Bxc5 a5 22. Bf3 Rf5 23. Be4 Re5 24. Bxh7 Nf6 25. Bd4 Re6 26. Bf5 Rd6 27.
Bb6+ Ke8 28. Rde1+ Kf8 29. Bc5 Rd8 30. Bxd6+ Rxd6 31. h4 c5 32. Re5 Rc6 33. h5
c4 34. bxc4 Rxc4 35. Rxa5 b3 36. h6 Kg8 37. Ra8+ Rc8 38. Rxc8+ Ne8 39. Rxe8# 1-0

[Event "AUTO-INT-2355"]
[Site "http://www.queenalice.com/game.php?id=1073604"]
[Date "2012.6.18"]
[Round "1"]
[White "claudiocaire"]
[Black "Tenista"]
[Result "0-1"]
[WhiteElo "1600"]
[BlackElo "1758"]

1. e4 e6 2. Qf3 Bc5 3. Nc3 Nc6 4. Qg4 Qf6 5. Nh3 h5 6. Qe2 Nd4 7. Qd3 c6 8. a3
e5 9. Na4 Bd6 10. c3 Nb3 11. Rb1 b5 12. Qg3 bxa4 13. d3 Bc5 14. Bg5 Qe6 15. f4
exf4 16. Nxf4 Qe5 17. d4 Qxe4+ 18. Kf2 Qxb1 19. dxc5 Qxb2+ 20. Be2 Qxa3 21. Qe3+
Kf8 22. Re1 Nxc5 23. Bc4 Ne6 24. Qe5 Qc5+ 25. Qxc5+ Nxc5 26. Re2 d5 27. Ba2 Bg4
28. Re5 Ne4+ 29. Ke3 Nxc3 30. h3 Nxa2 31. hxg4 hxg4 32. Rf5 Nb4 33. Ne6+ Ke8 34.
Nc7+ Kd7 35. Rxf7+ Kd6 36. Nxa8 a6 37. Nb6 a3 38. Rf1 a2 39. Kd2 Ne7 40. Kc3 Rh5
41. Bf4+ Kc5 42. Nd7+ Kb5 43. Be3 a5 44. Bc5 Rh2 45. Bxe7 Rxg2 46. Kb3 a4+ 47.
Kc3 Rc2+ 48. Kd4 Rb2 49. Kc3 Rc2+ 50. Kd4 Rc4+ 51. Ke5 Nd3+ 52. Kf5 Nc1 53. Ne5
Rc2 54. Ba3 a1=Q 55. Bd6 Qd4 56. Nxg4 Qd3+ 57. Ke6 Qxf1 58. Ne3 Re2 59. Kd7 Rxe3
60. Kc7 Qf7+ 61. Kd8 Re8# 0-1

[Event "AUTO-INT-2356"]
[Site "http://www.queenalice.com/game.php?id=1074119"]
[Date "2012.6.20"]
[Round "1"]
[White "Nias"]
[Black "claudiocaire"]
[Result "0-1"]
[WhiteElo "1626"]
[BlackElo "1590"]

1. e4 e5 2. Bc4 Nf6 3. Qf3 c6 4. g4 d5 5. Bd3 dxe4 6. Bxe4 Bxg4 7. Qe3 Na6 8. f3
Bh5 9. Qe2 Nb4 10. a3 Nxe4 11. Qxe4 f6 12. axb4 a6 13. Qf5 Bg6 14. Qe6+ Be7 15.
Ne2 Bxc2 16. Na3 Bd3 17. Nc4 Bxc4 18. Qxc4 g5 19. d3 Qd7 20. d4 exd4 21. Qxd4
Qh3 22. Kf2 Rd8 23. Qg4 Qh6 24. h4 Qg6 25. Be3 f5 26. h5 Qf6 27. Qxg5 Qxb2 28.
Qxf5 Qxb4 29. Rab1 Qd6 30. Rxb7 Rb8 31. Bf4 Qc5+ 32. Qxc5 Bxc5+ 33. Be3 Bxe3+
34. Kxe3 Rxb7 35. Rc1 Rb6 36. Nd4 O-O 37. f4 Rc8 38. Rc5 Ra8 39. Nxc6 Rb3+ 40.
Kd4 Ra3 41. f5 Ra4+ 42. Kc3 Rh4 43. f6 Kf7 44. Rf5 Rc8 45. Rc5 Kxf6 46. Kb3 a5
47. Ka3 Ke6 48. Rc3 Kd6 0-1

[Event "AUTO-INT-2356"]
[Site "http://www.queenalice.com/game.php?id=1074120"]
[Date "2012.6.20"]
[Round "1"]
[White "claudiocaire"]
[Black "Nias"]
[Result "0-1"]
[WhiteElo "1602"]
[BlackElo "1573"]

1. e4 e5 2. Qh5 Qf6 3. Bc4 g6 4. Qe2 a6 5. Nf3 h6 6. g4 g5 7. Nc3 c6 8. h4 gxh4
9. Nxh4 Ne7 10. d3 Ng6 11. Nxg6 Qxg6 12. Qf3 Rh7 13. g5 h5 14. a4 a5 15. Qg3 d6
16. Qf3 Be6 17. Bxe6 Qxe6 18. Rg1 Nd7 19. Be3 O-O-O 20. d4 Qg6 21. dxe5 Nxe5 22.
Qe2 f5 23. exf5 Qxf5 24. Rb1 Nf3+ 25. Kf1 Qh3+ 26. Rg2 Qh1+ 27. Rg1 Qxg1# 0-1

[Event "AUTO-INT-2356"]
[Site "http://www.queenalice.com/game.php?id=1074127"]
[Date "2012.6.20"]
[Round "1"]
[White "DAlessandro"]
[Black "claudiocaire"]
[Result "1-0"]
[WhiteElo "1684"]
[BlackElo "1603"]

1. e4 e5 2. Nf3 d6 3. Bc4 f6 4. Nc3 c6 5. Bxg8 Rxg8 6. O-O g5 7. d4 exd4 8. Nxd4
Bg7 9. Nf5 Bxf5 10. exf5 Qd7 11. Qh5+ Kf8 12. Re1 Na6 13. Qf3 Nc5 14. Be3 Re8
15. Rad1 Bh6 16. Re2 g4 17. Qg3 Bxe3 18. Rxe3 Qxf5 19. Qxd6+ Kg7 20. Re7+ Rxe7
21. Qxe7+ Kh6 22. Qe2 Qg5 23. Kh1 b5 24. Ne4 Nxe4 25. Qxe4 Rd8 26. Re1 Rd2 27.
Qxc6 Re2 28. Rg1 Rxf2 29. a4 bxa4 30. Qxa4 Qh4 31. Qb3 f5 32. Qg3 Qxg3 33. hxg3
Rxc2 34. Ra1 Rxb2 35. Rxa7 Rb3 36. Kh2 Kg6 37. Ra6+ Kg5 38. Ra7 h5 39. Rg7+ Kf6
40. Rh7 Kg6 41. Rh8 Rb7 42. Rg8+ Rg7 43. Rh8 Kg5 44. Rf8 h4 45. gxh4+ Kxh4 46.
Rxf5 Ra7 47. g3# 1-0

[Event "AUTO-INT-2356"]
[Site "http://www.queenalice.com/game.php?id=1074128"]
[Date "2012.6.20"]
[Round "1"]
[White "claudiocaire"]
[Black "DAlessandro"]
[Result "0-1"]
[WhiteElo "1617"]
[BlackElo "1670"]

1. e4 e5 2. Qh5 d6 3. Bc4 g6 4. Qf3 Nf6 5. h3 Bg7 6. g4 O-O 7. h4 Bxg4 8. Qb3 b6
9. Nc3 c6 10. f3 Bh5 11. Nh3 Bxf3 12. Rf1 Bxe4 13. Nxe4 Nxe4 14. Ng5 d5 15. Bd3
Nxg5 16. c4 Nf3+ 17. Kd1 Nxh4 18. a4 d4 19. c5 bxc5 20. Bc4 Nf5 21. Qb7 Nd7 22.
Qxc6 Qe7 23. Bd5 Rac8 24. Qa6 Nb6 25. Be4 Nd6 26. d3 Nxe4 27. dxe4 c4 28. a5 Na8
29. b3 c3 30. Ba3 Qe6 31. Qxe6 fxe6 32. Bxf8 Rxf8 33. Rxf8+ Bxf8 34. Kc2 Nc7 35.
a6 Nb5 36. Ra5 Na3+ 37. Kc1 d3 38. Rxe5 Kf7 39. Ra5 Bh6+ 40. Kd1 c2+ 41. Ke1
c1=Q+ 42. Kf2 Qd2+ 0-1

[Event "Challenge"]
[Site "http://www.queenalice.com/game.php?id=1074262"]
[Date "2012.6.20"]
[Round "-"]
[White "claudiocaire"]
[Black "nuage"]
[Result "0-1"]
[WhiteElo "1614"]
[BlackElo "1653"]

1. e4 d5 2. e5 Bf5 3. d4 e6 4. f4 c5 5. c3 a6 6. a3 Nc6 7. b4 c4 8. Qa4 b5 9.
Qd1 Be7 10. Nf3 a5 11. bxa5 Nxa5 12. Nbd2 Nh6 13. h3 Bh4+ 14. Ke2 Bd3+ 15. Ke3
Nf5# 0-1

[Event "Podemos????"]
[Site "http://www.queenalice.com/game.php?id=1078157"]
[Date "2012.7.1"]
[Round "-"]
[White "claudiocaire"]
[Black "kavalheiro"]
[Result "0-1"]
[WhiteElo "1585"]
[BlackElo "1636"]

1. e4 e6 2. Qf3 Nf6 3. e5 Nd5 4. Nh3 Bc5 5. d4 Bb4+ 6. c3 Ba5 7. Ng5 f6 8. exf6
gxf6 9. Qh5+ Ke7 10. Nf7 Qe8 11. Bd3 Nf4 12. Qc5+ d6 13. Qxa5 Nxd3+ 14. Kd2 b6
15. Qa3 Nxf2 16. Rf1 Ne4+ 17. Ke3 Qxf7 18. Kxe4 Qg6+ 19. Ke3 Ba6 20. Re1 Qd3+
21. Kf2 Qf5+ 22. Kg1 Rg8 23. Nd2 Qg5 24. Nc4 Qxg2# 0-1

[Event "Challenge"]
[Site "http://www.queenalice.com/game.php?id=1107631"]
[Date "2012.9.29"]
[Round "-"]
[White "heberesteves"]
[Black "claudiocaire"]
[Result "1-0"]
[WhiteElo "1597"]
[BlackElo "1617"]

1. e4 e5 2. d4 f6 3. d5 d6 4. Bd3 c6 5. c4 cxd5 6. cxd5 Ne7 7. Qa4+ Bd7 8. Bb5
a6 9. Bxd7+ Nxd7 10. Qb4 Nc5 11. Nf3 a5 12. Qb5+ Kf7 13. Be3 Nxe4 14. Qxb7 Rb8
15. Qa6 Rxb2 16. O-O Nxd5 17. Qc4 Ke6 18. Qxe4 h5 19. Bd2 g6 20. Nc3 Qa8 21.
Qxg6 Be7 22. Bg5 Rg8 23. Qh6 Bf8 24. Qxh5 fxg5 25. Nxg5+ Kf6 26. Nh7+ Kg7 27.
Nxf8 Kxf8 28. Qf3+ Ke8 29. Nxd5 Kd7 30. Nf6+ Kc7 31. Nxg8 Qb8 32. h4 Rb6 33. Ne7
Kd7 34. Qf7 Kd8 35. f4 e4 36. a4 Qa8 37. Qf8+ Kc7 38. Qxa8 e3 39. Qc8# 1-0

[Event "AUTO-INT-2297"]
[Site "http://www.queenalice.com/game.php?id=1117413"]
[Date "2012.10.30"]
[Round "3"]
[White "claudiocaire"]
[Black "durdon"]
[Result "0-1"]
[WhiteElo "1587"]
[BlackElo "1535"]

1. e4 e5 2. Qh5 Nc6 3. Bc4 Qe7 4. d3 Nf6 5. Qf3 Nd4 6. Qd1 b5 7. Bd5 Nxd5 8.
exd5 Qc5 9. Nc3 b4 10. Nce2 Nxc2+ 11. Kf1 Nxa1 12. Be3 Qxd5 13. Qxa1 Qxd3 14.
Nf3 Ba6 15. Qe1 Qc2 16. Nxe5 b3 17. axb3 Bb4 18. Qc1 Bxe2+ 19. Kg1 Qxc1+ 20.
Bxc1 Bd1 21. g4 Bxb3 22. Nd3 Be7 23. Kg2 h5 24. g5 Bc2 25. Nf4 Bxg5 26. Nd5 Be4+
27. f3 Bxd5 28. Bxg5 f6 29. Bf4 d6 30. Rc1 g5 31. Be3 Kd7 32. Bd4 g4 33. Bxf6
gxf3+ 34. Kf2 Rhe8 35. b4 Re2+ 36. Kf1 Be6 37. Kg1 Rg8+ 38. Kh1 Bd5 39. Rd1 f2+
40. Rxd5 f1=Q# 0-1

[Event "AUTO-INT-2297"]
[Site "http://www.queenalice.com/game.php?id=1117414"]
[Date "2012.10.30"]
[Round "3"]
[White "durdon"]
[Black "claudiocaire"]
[Result "1-0"]
[WhiteElo "1515"]
[BlackElo "1607"]

1. Nf3 Nf6 2. d4 d5 3. c4 dxc4 4. e3 b5 5. a4 bxa4 6. Qxa4+ Bd7 7. Qxc4 Nc6 8.
d5 Na5 9. Rxa5 c6 10. Bd2 cxd5 11. Qd4 Bf5 12. e4 Bxe4 13. Bb5+ Nd7 14. Ne5 Bf5
15. Qxd5 Be6 16. Bxd7+ Bxd7 17. Qxf7# 1-0